000 00222nam a22000977a 4500
082 _a658.5 MAN'A
245 _aMANAGEMENT FOR PRODUCTION
260 _aLONDON
_bBRITISH INSTITUTE OF MANAGEMENT
300 _a47P
942 _cBK
999 _c579562
_d579562